Lý Huế Nhạc cụ cổ truyền của người Ê Đê, Kpa và Jrai
Trình bày lược trình hoàn cảnh lịch sử, địa lý và sự hình thành dòng âm nhạc dân gian Huế; Nguồn gốc, quá trình phát sinh và phát triển.
Đã lưu trong:
| Tác giả chính: | |
|---|---|
| Định dạng: | Sách |
| Năm xuất bản: |
H.
Viện âm nhạc; Âm nhạc
1997
|
| Chủ đề: | |
| Tags: |
Thêm thẻ
Không có thẻ, Hãy là người đầu tiên gắn thẻ bản ghi này!
|
| LEADER | 01645nam a2200229 4500 | ||
|---|---|---|---|
| 082 | |a 781.6200959749 |b D561BB | ||
| 100 | |a Dương Bích Hà | ||
| 245 | |a Lý Huế |c Dương Bích Hà |b Nhạc cụ cổ truyền của người Ê Đê, Kpa và Jrai | ||
| 260 | |a H. |b Viện âm nhạc; Âm nhạc |c 1997 | ||
| 300 | |a 256 tr. |c 21 cm | ||
| 520 | |a Trình bày lược trình hoàn cảnh lịch sử, địa lý và sự hình thành dòng âm nhạc dân gian Huế; Nguồn gốc, quá trình phát sinh và phát triển. | ||
| 653 | |a Âm nhạc | ||
| 653 | |a Âm nhạc dân gian | ||
| 653 | |a Huế | ||
| 653 | |a Việt Nam | ||
| 942 | |2 ddc |c STK0 | ||
| 999 | |c 2030 |d 2030 | ||
| 952 | |0 0 |1 0 |2 ddc |4 0 |6 781_620095974900000_D561BB |7 1 |8 700 |9 29934 |a qbu |b qbu |c D5 |d 2014-12-12 |g 45000 |o 781.6200959749 D561BB |p 5083.c1 |r 0000-00-00 |w 2014-12-12 |y STK0 |0 0 |6 781_620095974900000_D561BB | ||
| 952 | |0 0 |1 0 |2 ddc |4 0 |6 781_620095974900000_D561BB |7 0 |8 700 |9 29935 |a qbu |b qbu |c D5 |d 2014-12-12 |g 45000 |o 781.6200959749 D561BB |p 5083.c2 |r 0000-00-00 |w 2014-12-12 |y STK0 |0 0 |6 781_620095974900000_D561BB | ||
| 952 | |0 0 |1 0 |2 ddc |4 0 |6 781_620095974900000_D561BB |7 0 |8 700 |9 29936 |a qbu |b qbu |c D5 |d 2014-12-12 |g 45000 |o 781.6200959749 D561BB |p 5083.c3 |r 0000-00-00 |w 2014-12-12 |y STK0 |0 0 |6 781_620095974900000_D561BB | ||
| 952 | |0 0 |1 0 |2 ddc |4 0 |6 781_620095974900000_D561BB |7 0 |8 700 |9 29937 |a qbu |b qbu |c D5 |d 2014-12-12 |g 45000 |o 781.6200959749 D561BB |p 5083.c4 |r 0000-00-00 |w 2014-12-12 |y STK0 |0 0 |6 781_620095974900000_D561BB | ||
| 952 | |0 0 |1 0 |2 ddc |4 0 |6 781_620095974900000_D561BB |7 0 |8 700 |9 29938 |a qbu |b qbu |c D5 |d 2014-12-12 |g 45000 |o 781.6200959749 D561BB |p 5083.c5 |r 0000-00-00 |w 2014-12-12 |y STK0 |0 0 |6 781_620095974900000_D561BB | ||